000 00846na a2200277 4500
001 24621
003 MIRAKIL
005 20190109120945.0
008 181218b tu 000 0
020 _a9755211039
041 _atur
082 _a324.2561072
_bİ57k 1998
090 _a324.2561072 İ57k 1998
100 _aİnönü, Erdal
245 _aKurultay konuşmaları
_cErdal İnönü ; derleyen Birol Ertan
260 _aİstanbul
_bBoyut Kitapları
_c1998
300 _a450 s.
_c21 sm.
440 _aBoyut kitapları
490 _aSiyaset yazıları dizisi
_v10
600 _aİnönü, Erdal
_d1926-2007
_xKurultay konuşmaları
610 _aSosyal Demokrat Halkçı Parti (SHP)
_xKurultaylar
610 _aSODEP
_xKurultaylar
650 _aSiyaset ve yönetim
_xTürkiye
700 _aErtan, Birol
_eder.
942 _2ddc
_cBKS
999 _c12560
_d12560